000
00253nam a2200109Ia 4500
008
220204s9999 xx 000 0 und d
082
_a
082.09
_b
CHA
100
_a
Chadwick, Charles
245
0
_a
Symbolism
260
_a
London
_b
Methuen
_c
1971
942
_c
BK
999
_c
34149
_d
34149